Farmer's response to agricultural prices in India: a study in decision making (Record no. 355856)

000 -LEADER
fixed length control field 00447cam a22001337a 4500
008 - FIXED-LENGTH DATA ELEMENTS--GENERAL INFORMATION
fixed length control field 180718b1974 xxu||||| |||| 00| 0 eng d
082 ## - DEWEY DECIMAL CLASSIFICATION NUMBER
Classification number Z463x54 T952
100 ## - MAIN ENTRY--PERSONAL NAME
Personal name Tyagi, D.S.
245 ## - TITLE STATEMENT
Title Farmer's response to agricultural prices in India: a study in decision making
Statement of responsibility, etc. by D.S. Tyagi
260 ## - PUBLICATION, DISTRIBUTION, ETC.
Place of publication, distribution, etc. Delhi
Name of publisher, distributor, etc. Heritage Pub.
Date of publication, distribution, etc. 1974
300 ## - PHYSICAL DESCRIPTION
Extent 239p.
650 ## - SUBJECT ADDED ENTRY--TOPICAL TERM
Topical term or geographic name entry element Agriculture --Research --India --Uttar Pradesh
650 ## - SUBJECT ADDED ENTRY--TOPICAL TERM
Topical term or geographic name entry element Agricultural prices --India
Holdings
Withdrawn status Lost status Damaged status Not for loan Permanent Location Current Location Date acquired Full call number Barcode Date last seen Price effective from Koha item type
        Indian Institute of Public Administration Indian Institute of Public Administration 1993-12-26 Z463x54 T952 49441 2018-07-21 2018-07-21 Book

Powered by Koha